Logo firm zaczynających się na K - Statystyki

Ogólne statystyki
  • Ten quiz został rozwiązany 55 razy
  • Średni wynik to 6 z 20
Statystyki odpowiedzi
Obrazkowy Odpowiedź % Poprawnych
KFC
98%
Kit Kat
94%
Kinder
91%
Kia
87%
Kappa
60%
Kodak
57%
KTM
40%
KLM
19%
Klarna
9%
Kellogg's
6%
Kenwood
6%
Kraft
6%
Kleenex
4%
Konami
4%
Krispy Kreme
4%
Kmart
2%
KPMG
2%
Kimberly-Clark
0%
Kirin
0%
K-Way
0%
Nie znaleziono quizów pasujących do podanych kryteriów
Rozkład punktacji
Procent ludzi z każdym wynikiem
Percentyl według liczby udzielonych odpowiedzi
Twoja historia wyników
Nie rozwiązałeś tego quizu